Silksong 100% - Statistics

General Stats
  • This quiz has been taken 183 times
  • The average score is 42 of 79
Answer Stats
Hint Answer % Correct
Beast
87%
Number of Silk Hearts required 3
85%
Reaper
84%
Wanderer
84%
Number of Mask Shards required 20
82%
Witch
82%
Number of Crafting Kits/Tool Pouches required 4
81%
Architect
81%
Shaman
81%
Number of Spool Fragments required 18
79%
Silkspear
79%
Rune Rage
72%
Cling Grip
71%
Pale Nails
71%
Thread Storm
71%
Swift Step
67%
Clawline
66%
Compass
66%
Needolin
66%
Silk Soar
66%
Cross Stitch
65%
Cogfly
63%
Magnetite Dice
63%
Straight Pin
63%
Hivesteel Needle
62%
Sharpdart
61%
Sharpened Needle
59%
Tacks
56%
Threefold Pin
56%
Longpin
55%
Curveclaw/Curvesickle
54%
Multibinder
54%
Pollip Pouch
54%
Sylphsong
54%
Magma Bell
53%
Warding Bell
52%
Druid's Eye(s)
51%
Flintslate
51%
Magnetite Brooch
51%
Flea Brew
50%
Pimpillo
49%
Plasmium Phial
49%
Silkshot
49%
Dead Bug's Purse/Shell Satchel
47%
Injector Band
47%
Pale Steel Needle
47%
Shard Pendant
47%
Silkspeed Anklets
47%
Fractured Mask
46%
Voltvessels
46%
Ascendant's grip
45%
Volt Filament
45%
Rosary Cannon
43%
Sawtooth Circlet
43%
Barbed Bracelet
42%
Claw Mirror(s)
42%
Weavelight
42%
Everbloom
41%
Egg of Flealia
40%
Scuttlebrace
39%
Snitch Pick
39%
Sting Shard
39%
Weighted Belt
39%
Wreath of Purity
39%
Cogwork Wheel
38%
Longclaw
38%
Reserve Bind
38%
Spool extender
38%
Thief's Mark
38%
Delver's Drill
37%
Wispfire Lantern
37%
Conchcutter
36%
Pin Badge
35%
Shining Needle
33%
Spider Strings
33%
Throwing Ring
31%
Memory Crystal
29%
Quick Sling
29%
Needle Strike
26%
No matching quizzes found
Score Distribution
Percent of People with Each Score
Percentile by Number Answered
Your Score History
You have not taken this quiz